000 00720nam a2200265Ia 4500
003 OSt
005 20220925223049.0
006 a|||||r|||| 00| 0
007 ta
008 220923b |||||||| |||| 00| 0 eng d
020 _a0415200717
037 _cGeneral Book
040 _aRTL
_cRTL
_beng
041 _2eng
_aeng
082 _aU435, N9
100 _aAllen John
_9249661
245 0 _aUnsetting cities
_b Movement/settlement
260 _aLondon
_bRoutledge
_c1999
300 _avii, 354p Bibliography chapterwise
_ccm.
490 _aUnderstanding Cities
650 _a City
650 _aUrban Geography
942 _hU435, N9
_cGB
_2CC
999 _c578544
_d578544